Statystyki dla Flagi - Trudna Wersja

Kliknij tutaj aby rozwiązać quiz!

Ogólne statystyki

  • Ten quiz został rozwiązany 2 325 razy
    (2 318 od ostatniego zresetowania)
  • Średni wynik to 15 z 20

Statystyki odpowiedzi

Odpowiedź% Poprawnych
Jamajka
96%
Republika Południowej Afryki (RPA)
94%
Kosowo
92%
Kenia
91%
Liechtenstein
89%
Mołdawia
88%
Malezja
87%
Wybrzeże Kości Słoniowej
87%
Bangladesz
85%
Bhutan
82%
Uganda
79%
Haiti
71%
Tajwan
71%
Zambia
70%
Bahamy
68%
Palau
62%
Republika Środkowoafrykańska
60%
Kiribati
57%
Gujana
54%
Mauritius
51%

Rozkład punktacji

Percentyl według liczby udzielonych odpowiedzi

Procent ludzi z każdym wynikiem

Twoja historia wyników

Nie rozwiązałeś tego quizu od ostatniego zresetowania